Стронций-90 в почвах: радиохимические и инструментальные методы определения; АНРИ; Аппаратура и новости радиационных измерений; № 1
| Parent link: | АНРИ.— , 2000- Аппаратура и новости радиационных измерений: научно-информационный журнал/ Доза ; Государственный комитет по санэпиднадзору РФ ; Метрологическая академия РФ № 1.— 2003.— С. 20-28 |
|---|---|
| अन्य लेखक: | , , , , |
| भाषा: | रूसी |
| प्रकाशित: |
2003
|
| श्रृंखला: | Новости |
| विषय: | |
| स्वरूप: | MixedMaterials पुस्तक अध्याय |
| KOHA link: | https://koha.lib.tpu.ru/cgi-bin/koha/opac-detail.pl?biblionumber=384891 |
MARC
| LEADER | 00000naa2a2200000 4500 | ||
|---|---|---|---|
| 001 | 384891 | ||
| 005 | 20231101063313.0 | ||
| 035 | |a (RuTPU)RU\TPU\prd\12052 | ||
| 090 | |a 384891 | ||
| 100 | |a 20030326a2003 k y0rusy50 ca | ||
| 101 | 0 | |a rus | |
| 102 | |a RU | ||
| 200 | 1 | |a Стронций-90 в почвах: радиохимические и инструментальные методы определения |f А. Е. Бахур, Л. И. Мануилова, Д. М. Зуев и др. | |
| 225 | 1 | |a Новости | |
| 320 | |a Библиогр.: 18 назв. | ||
| 461 | 1 | |0 (RuTPU)RU\TPU\prd\1302 |t АНРИ |d 2000- | |
| 461 | |t Аппаратура и новости радиационных измерений |o научно-информационный журнал |f Доза ; Государственный комитет по санэпиднадзору РФ ; Метрологическая академия РФ | ||
| 463 | 1 | |0 (RuTPU)RU\TPU\prd\11849 |t № 1 |v С. 20-28 |d 2003 | |
| 610 | 1 | |a стронций-90 | |
| 610 | 1 | |a радихимические методы | |
| 610 | 1 | |a инструментальные методы | |
| 610 | 1 | |a почва | |
| 610 | 1 | |a поправочные коэффициенты | |
| 610 | 1 | |a измерение активности | |
| 610 | 1 | |a загрязнения | |
| 701 | 1 | |a Бахур |b А. Е. | |
| 701 | 1 | |a Мануилова |b Л. И. | |
| 701 | 1 | |a Зуев |b Д. М. | |
| 701 | 1 | |a Иванова |b Т. М. | |
| 701 | 1 | |a Трухина |b Т. П. | |
| 801 | 1 | |a RU |b 63413507 |c 20030326 |g PSBO | |
| 801 | 2 | |a RU |b 63413507 |c 20150219 |g RCR | |
| 942 | |c BK | ||